| 000 | 00538nam a2200193Ia 4500 | ||
|---|---|---|---|
| 003 | SISC | ||
| 005 | 20181022093151.0 | ||
| 008 | 181016s9999 xx 000 0 und d | ||
| 020 | _a9781455584093 | ||
| 050 |
_aPS 3566 .A822 _b.P74 2014 |
||
| 100 | _aPatterson, James | ||
| 245 |
_aPrivate L.A/ _cJames Patterson, Mark Sullivan |
||
| 260 |
_aNY: _bGrand Central Publishing _c2014 |
||
| 300 |
_a428 pages : _c17 cm. |
||
| 650 | _aCold cases (Criminal investigation) | ||
| 650 | _aSerial murders | ||
| 942 |
_2lcc _cBK |
||
| 999 |
_c359229 _d359229 |
||